000 00657nam a2200301Ia 4500
005 20260127112855.0
008 008 260114s9999 xx 000 0 eng d
020 _a8185618496
037 _aTextbook
040 _aPSDL
040 _beng
040 _cPSDL
041 _2eng
041 _aeng
084 _aWv2 P2
084 _qPSDL
100 _aRichards, Jhon F.
_91107732
245 4 _aThe Mughal Empire
245 0 _cRichards, Jhon F.
260 _aNew Delhi
260 _bFoundation Books
300 _a320p.
365 _b185
942 _cTB
942 _hWv2 P2
999 _c1672586
_d1672586